Normal view
MARC view
Entry Personal Name
001 - CONTROL NUMBER
- control field: 471451
003 - CONTROL NUMBER IDENTIFIER
- control field: OSt
005 - DATE AND TIME OF LATEST TRANSACTION
- control field: 20220928125743.0
008 - FIXED-LENGTH DATA ELEMENTS
- fixed length control field: 220928|| aca||aabn | a|a d
040 ## - CATALOGING SOURCE
- Original cataloging agency: OSt
- Transcribing agency: OSt
100 ## - HEADING--PERSONAL NAME
- Personal name: Gosal S.S
670 ## - SOURCE DATA FOUND
- Source citation: Work cat.: (OSt)784024: Chahal G.S 471450, Principles and procedures of plant breeding , 2006
